000 00595nam a22002057a 4500
003 BUBTL
008 230103b ||||| |||| 00| 0 eng d
020 _a9843230108
082 _a342.42073/ K1461c/ 2006
100 _95135
_aKarim, Md. Rezaul
245 _aConstitutional Law of UK & USA :
_bMd. Rezaul Karim
250 _a1st Edn.
260 _aDhaka
_bCity Law Books
_cc2006
300 _a272p. :
_b21 cm.
650 0 _926
_aLaw
700 _95135
_aKarim, Md. Rezaul
856 _k0
_l0
_yDownload
942 _2ddc
_cBK
999 _c6895
_d6895